¿Querés saber más sobre las mariposas? : (Registro nro. 32808)
[ vista simple ]
| 000 -CABECERA | |
|---|---|
| campo fijo de control de longitud | 00988nam a22002777a 4500 |
| 001 - NÚMERO DE CONTROL | |
| campo de control | 32808 |
| 003 - IDENTIFICADOR DEL NÚMERO DE CONTROL | |
| campo de control | AR-RoBPED |
| 005 - FECHA Y HORADE LA ULTIMA TRANSACCION | |
| campo de control | 20260605171319.0 |
| 008 - ELEMENTOS DE LONGITUD FIJA--INFORMACION GENERAL | |
| campo fijo de control de longitud | 260601s2020 ag a|||| |||| 000 0 spa d |
| 020 ## - ISBN | |
| ISBN | 9789502329314 |
| 040 ## - FUENTE CATALOGADORA | |
| Centro catalogador/agencia de origen | AR-RoBPED |
| 041 ## - IDIOMA | |
| Código de idioma para texto/pista de sonido o título independiente | spa |
| 100 ## - ENCABEZAMIENTO PRINCIPAL--AUTOR PERSONAL | |
| Nombre de persona | Pietrantuono, Ana Laura |
| Fechas nac-muerte | 1981- |
| 9 (RLIN) | 30966 |
| 245 1# - TITULO | |
| Título | ¿Querés saber más sobre las mariposas? : |
| Subtítulo | ¿y sobre otros insectos que se transforman? / |
| Mención de responsabilidad | Ana Laura Pietrantuono ; ilustraciones de Rosario Oliva; directora de colección Paula Bombara. |
| 260 ## - PUBLICACION | |
| Lugar | Buenos Aires : |
| Editor | Eudeba, |
| Fecha | 2020. |
| 300 ## - DESCRIPCION FISICA | |
| Extensión | 32 p. : |
| Otros detalles físicos | il. |
| 490 0# - SERIE | |
| Mención de serie | (Querés saber?) |
| 650 #4 - TERMINO DE MATERIA--CONTROLADO | |
| Término controlado | LITERATURA INFANTIL |
| 9 (RLIN) | 168 |
| Término controlado | CIENCIAS NATURALES |
| 9 (RLIN) | 535 |
| Término controlado | INSECTOS |
| 9 (RLIN) | 2338 |
| Término controlado | ANIMALES |
| 9 (RLIN) | 4284 |
| 700 ## - ENCABEZAMIENTO SECUNDARIO--AUTOR PERSONAL | |
| Nombre de persona | Oliva, Rosario |
| Fecha de nac-muerte | 1981- |
| 9 (RLIN) | 30967 |
| Función | ilust. |
| Nombre de persona | Bombara, Paula |
| Fecha de nac-muerte | 1972- |
| 9 (RLIN) | 16481 |
| Función | dir. col. |
| 942 ## - ELEMENTOS KOHA | |
| Fuente de clasificación | Universal Decimal Classification |
| Número Koha | k. 32808 |
| Koha tipo de ítem | Libro |
| Clasificación | 595.7 |
| Pre signatura | I |
| Signatura librística | P 54 |
| N° inventario | inv. 42481 |
| Estado retirado | Estado perdido | Fuente de clasificación | Estado dañado | No se presta | Biblioteca propietaria | Biblioteca de reserva | Fecha de adquisición | Procedencia | Total de préstamos | Signatura topográfica completa | Código de barras (nº de inventario) | Fecha visto por última vez | Catalogador y fecha | Tipo de ítem Koha | Nota pública |
|---|---|---|---|---|---|---|---|---|---|---|---|---|---|---|---|
| Universal Decimal Classification | Biblioteca Pedagógica Eudoro Díaz | Biblioteca Pedagógica Eudoro Díaz | 26/06/2026 | compra | I 595.7 P 54 | 42481 | 01/06/2026 | mm 01/06/2026 | Libro | Se presta 15 dias |